000
00261nam a22001217a 4500
008
171124b xxu||||| |||| 00| 0 eng d
041
_a
eng
080
_a
94
100
_a
14
101
_a
HIS
245
_a
FIRST WORLD WAR ATLAS
_c
ARTHUR.B
942
_2
udc
_c
BK
999
_c
38475
_d
38475